00364 2200145 4500245006400000250001100064100001600075650001800091005001900109260003500128041001400163084001000177300002200187336000900209 aAneka Kuliner Khas Daerah dan Kota BesarcSi HartatikhText aCet. 1 aSi Hartatik aResep Makanan a20241009100949 aJombangbPenerbit Lintas Media aIndonesia a641.5 a128 hlm. :cilus. atext